[Event "22. Torneo San Viator"]
[Site "Madrid ESP"]
[Date "2014.06.01"]
[Round "9.9"]
[White "Padin Lazaro, Jose Manuel"]
[Black "Del Noval Nemeshazi, Nesztor"]
[Result "1/2-1/2"]
[WhiteElo "1862"]
[BlackElo "1430"]
[PlyCount "66"]
[EventDate "2014.03.23"]
[EventType "swiss"]
[EventRounds "9"]
[EventCountry "ESP"]
[SourceTitle "Ajedrez en Madrid"]
[Source "lmi"]
[SourceDate "2014.03.23"]
[SourceVersion "1"]
[SourceVersionDate "2014.07.21"]
[SourceQuality "1"]

1. e4 c5 2. Nf3 d6 3. d4 cxd4 4. Nxd4 Nf6 5. Nc3 a6 6. Bc4 e6 7. Bb3 b5 8. O-O
b4 9. Na4 Nxe4 10. Re1 Nc5 11. Nxc5 dxc5 12. Qf3 Ra7 13. Ba4+ Bd7 14. Nxe6 fxe6
15. Qh5+ g6 16. Qe5 Bxa4 17. Qxh8 Re7 18. Bg5 Qc7 19. Bxe7 Qxe7 20. Qe5 Nc6 21.
Qe4 Nd4 22. Qa8+ Kf7 23. Qxa6 Bb5 24. Qb6 Qd6 25. Qb7+ Be7 26. Qe4 Bc6 27. Qd3
Bb5 28. Qd1 Bd8 29. Re3 Bc7 30. Rh3 Be2 31. Qc1 h5 32. Qh6 Bg4 33. Qh7+ Kf6
1/2-1/2

[Event "22. Torneo San Viator"]
[Site "Madrid ESP"]
[Date "2014.06.01"]
[Round "9.10"]
[White "Franco Rincon, David"]
[Black "Jordana Vargas, Julio"]
[Result "1/2-1/2"]
[WhiteElo "1685"]
[BlackElo "1948"]
[PlyCount "130"]
[EventDate "2014.03.23"]
[EventType "swiss"]
[EventRounds "9"]
[EventCountry "ESP"]
[SourceTitle "Ajedrez en Madrid"]
[Source "lmi"]
[SourceDate "2014.03.23"]
[SourceVersion "1"]
[SourceVersionDate "2014.07.21"]
[SourceQuality "1"]

1. b4 Nf6 2. Bb2 d5 3. e3 Bf5 4. Nf3 e6 5. a3 Nbd7 6. c4 Be7 7. cxd5 exd5 8.
Be2 h6 9. O-O O-O 10. Nd4 Bh7 11. d3 c6 12. Nd2 a5 13. bxa5 Rxa5 14. N2b3 Ra7
15. Qd2 Qb6 16. a4 c5 17. Nb5 Rxa4 18. Rxa4 Qxb5 19. Ra3 c4 20. Nd4 Qb6 21. Ra2
cxd3 22. Bxd3 Bxd3 23. Qxd3 Nc5 24. Qb5 Qc7 25. h3 Nfe4 26. Rc1 Rc8 27. Qe2 Qd7
28. Ba3 b6 29. Rac2 Ra8 30. Bxc5 bxc5 31. Nb3 c4 32. Nd2 Nc5 33. Rd1 Qe6 34.
Qf3 Ra3 35. Nb1 Rb3 36. Nc3 d4 37. exd4 Nd3 38. Qa8+ Bf8 39. Re2 Qd6 40. Qd5
Rxc3 41. Qe4 Nf4 42. Ree1 Rd3 43. Rxd3 Nxd3 44. Rd1 Nf4 45. d5 c3 46. Rd4 f5
47. Qxf4 c2 48. Qc1 Qe5 49. Rd2 Bd6 50. g3 f4 51. Qxc2 fxg3 52. fxg3 Qxg3+ 53.
Kf1 Qxh3+ 54. Rg2 Qf3+ 55. Rf2 Qxd5 56. Qc8+ Kh7 57. Qc2+ Kh8 58. Qc8+ Qg8 59.
Qd7 Qc4+ 60. Kg2 Qe4+ 61. Kf1 Qb1+ 62. Kg2 Qg6+ 63. Kf1 h5 64. Qh3 Kh7 65. Rf5
Kh6 1/2-1/2

[Event "22. Torneo San Viator"]
[Site "Madrid ESP"]
[Date "2014.06.01"]
[Round "9.11"]
[White "Petru, Lucian Olimpiu"]
[Black "Caballero Gallego, Luis"]
[Result "0-1"]
[WhiteElo "1805"]
[BlackElo "1880"]
[PlyCount "57"]
[EventDate "2014.03.23"]
[EventType "swiss"]
[EventRounds "9"]
[EventCountry "ESP"]
[SourceTitle "Ajedrez en Madrid"]
[Source "lmi"]
[SourceDate "2014.03.23"]
[SourceVersion "1"]
[SourceVersionDate "2014.07.21"]
[SourceQuality "1"]

1. Nf3 Nf6 2. d3 Nc6 3. e4 e5 4. g3 Be7 5. Bg2 O-O 6. O-O d6 7. Nbd2 Bg4 8. Nc4
Nd4 9. c3 Nxf3+ 10. Bxf3 Bxf3 11. Qxf3 g6 12. Bh6 Re8 13. a4 Nd7 14. d4 Bg5 15.
Bxg5 Qxg5 16. Rfe1 Rf8 17. h4 Qe7 18. Ne3 Rae8 19. Nd5 Qd8 20. Ne3 c6 21. Nc4
Qe7 22. h5 f5 23. hxg6 hxg6 24. exf5 Rxf5 25. Qg4 Kg7 26. dxe5 Nxe5 27. f4 Nxg4
28. Rxe7+ Rxe7 29. Nxd6 0-1

[Event "22. Torneo San Viator"]
[Site "Madrid ESP"]
[Date "2014.06.01"]
[Round "9.12"]
[White "Sirera Ripoll, Jose"]
[Black "Munoz Cebey, Ricardo"]
[Result "1-0"]
[WhiteElo "1750"]
[BlackElo "1878"]
[PlyCount "45"]
[EventDate "2014.03.23"]
[EventType "swiss"]
[EventRounds "9"]
[EventCountry "ESP"]
[SourceTitle "Ajedrez en Madrid"]
[Source "lmi"]
[SourceDate "2014.03.23"]
[SourceVersion "1"]
[SourceVersionDate "2014.07.21"]
[SourceQuality "1"]

1. e4 c6 2. d4 d5 3. exd5 cxd5 4. Bd3 Nc6 5. c3 Qc7 6. Nf3 Bg4 7. Be3 e6 8.
Nbd2 Bd6 9. Qc2 Nf6 10. O-O O-O 11. Bg5 h6 12. Bxf6 gxf6 13. h3 Bxf3 14. Nxf3
Rac8 15. Qe2 a6 16. Nh4 Rfe8 17. f4 Kh8 18. Kh1 Rg8 19. Qh5 Bf8 20. g4 Nd8 21.
Rf3 Qe7 22. Re1 Rc7 23. Nf5 1-0

[Event "22. Torneo San Viator"]
[Site "Madrid ESP"]
[Date "2014.06.01"]
[Round "9.13"]
[White "Barahona Torrijos, Angel"]
[Black "Montes De Santiago, Fernando"]
[Result "1/2-1/2"]
[WhiteElo "1870"]
[BlackElo "1831"]
[PlyCount "85"]
[EventDate "2014.03.23"]
[EventType "swiss"]
[EventRounds "9"]
[EventCountry "ESP"]
[SourceTitle "Ajedrez en Madrid"]
[Source "lmi"]
[SourceDate "2014.03.23"]
[SourceVersion "1"]
[SourceVersionDate "2014.07.21"]
[SourceQuality "1"]

1. e4 c5 2. a3 d6 3. b4 cxb4 4. axb4 Nf6 5. Nc3 e6 6. Bb2 Qb6 7. Bb5+ Bd7 8.
Qe2 a6 9. Nf3 e5 10. O-O Be7 11. d4 O-O 12. dxe5 dxe5 13. Bxd7 Nbxd7 14. Nd5
Nxd5 15. exd5 f6 16. Ba3 Rac8 17. c4 Bxb4 18. Rfb1 a5 19. Bxb4 axb4 20. Ra4 b3
21. Qd2 Nc5 22. Rb4 Qa6 23. Qc3 Qa2 24. Ra1 Qc2 25. Qxc2 bxc2 26. Ne1 Na6 27.
Rba4 Nc5 28. R4a3 Ne4 29. Nxc2 Rxc4 30. Ne3 Rd4 31. Nf5 Rd2 32. f3 Ng5 33. Rb1
Rb8 34. Ra7 g6 35. Ne7+ Kf8 36. Nc6 Rc8 37. Nb4 Rc7 38. h4 Nf7 39. Na6 Rcc2 40.
Rbxb7 Rxg2+ 41. Kf1 Rgf2+ 42. Ke1 Rfe2+ 43. Kd1 1/2-1/2

[Event "22. Torneo San Viator"]
[Site "Madrid ESP"]
[Date "2014.06.01"]
[Round "9.15"]
[White "Moreno Sanchez, Guillermo"]
[Black "Camarero Izquierdo, Juan Carlo"]
[Result "0-1"]
[WhiteElo "1620"]
[BlackElo "1864"]
[PlyCount "48"]
[EventDate "2014.03.23"]
[EventType "swiss"]
[EventRounds "9"]
[EventCountry "ESP"]
[SourceTitle "Ajedrez en Madrid"]
[Source "lmi"]
[SourceDate "2014.03.23"]
[SourceVersion "1"]
[SourceVersionDate "2014.07.21"]
[SourceQuality "1"]

1. d4 Nf6 2. c4 g6 3. Nc3 Bg7 4. e4 d6 5. Nf3 O-O 6. Be2 Nc6 7. a3 e5 8. d5 Ne7
9. O-O Nd7 10. Qc2 f5 11. exf5 gxf5 12. Bg5 Nf6 13. Nd1 f4 14. Bd3 h6 15. Bh4
Bg4 16. Kh1 Qe8 17. Qe2 Qh5 18. Bxf6 Bxf6 19. Rg1 Kh8 20. Nc3 Rg8 21. Qe4 Rg7
22. Be2 Rag8 23. Nd2 Nf5 24. f3 Ng3# 0-1

[Event "22. Torneo San Viator"]
[Site "Madrid ESP"]
[Date "2014.06.01"]
[Round "9.16"]
[White "Morera Rodriguez, Ignacio"]
[Black "Mateos Cordero, Francisco"]
[Result "1/2-1/2"]
[WhiteElo "1843"]
[BlackElo "1597"]
[PlyCount "89"]
[EventDate "2014.03.23"]
[EventType "swiss"]
[EventRounds "9"]
[EventCountry "ESP"]
[SourceTitle "Ajedrez en Madrid"]
[Source "lmi"]
[SourceDate "2014.03.23"]
[SourceVersion "1"]
[SourceVersionDate "2014.07.21"]
[SourceQuality "1"]

1. d4 Nf6 2. c4 e6 3. Nf3 b6 4. g3 Bb7 5. Bg2 d5 6. Ne5 Bb4+ 7. Bd2 Bxd2+ 8.
Nxd2 O-O 9. O-O c6 10. e3 Nbd7 11. Ndf3 c5 12. Nxd7 Nxd7 13. cxd5 Bxd5 14. Re1
Be4 15. Qa4 Qc7 16. Rac1 Qb7 17. Nh4 Bxg2 18. Nxg2 Rfd8 19. Red1 Qe4 20. Rc4
Ne5 21. Qc2 Qxc2 22. Rxc2 Nf3+ 23. Kh1 cxd4 24. exd4 Rxd4 25. Rdc1 g6 26. Rc3
Rad8 27. Ne3 Ne5 28. R1c2 Rd2 29. Kg2 R8d7 30. Rc7 Rxc2 31. Rxc2 Kg7 32. Kf1 h5
33. h3 Nd3 34. a3 Nc5 35. Ke2 Nb3 36. Kf1 Rd2 37. Rc7 Rxb2 38. Rxa7 Nd2+ 39.
Ke1 Ne4 40. Nd1 Rb3 41. Ra4 Nc3 42. Nxc3 Rxc3 43. Kd2 Rf3 44. Ke2 Rb3 45. Ra7
1/2-1/2

[Event "22. Torneo San Viator"]
[Site "Madrid ESP"]
[Date "2014.06.01"]
[Round "9.17"]
[White "Dominguez Lerida, Nicolas"]
[Black "Castillo Sanz, Javier"]
[Result "0-1"]
[WhiteElo "1577"]
[BlackElo "1815"]
[PlyCount "102"]
[EventDate "2014.03.23"]
[EventType "swiss"]
[EventRounds "9"]
[EventCountry "ESP"]
[SourceTitle "Ajedrez en Madrid"]
[Source "lmi"]
[SourceDate "2014.03.23"]
[SourceVersion "1"]
[SourceVersionDate "2014.07.21"]
[SourceQuality "1"]

1. d4 g6 2. c4 Bg7 3. Nc3 d6 4. e4 a6 5. Be2 Nd7 6. Nf3 b6 7. O-O Bb7 8. Re1 h6
9. Bd3 e5 10. d5 Ne7 11. b4 f5 12. Qc2 f4 13. Na4 Nf6 14. c5 b5 15. Nb2 O-O 16.
c6 Bc8 17. a4 bxa4 18. Rxa4 g5 19. b5 Bg4 20. bxa6 Bxf3 21. gxf3 Qc8 22. Bf1 g4
23. Qe2 h5 24. fxg4 f3 25. Qxf3 Nxg4 26. Qg3 Nxf2 27. Bh6 Rf7 28. Bg2 Ng4 29.
Bxg7 Rxg7 30. Qf3 Qb8 31. Ra2 Qb6+ 32. Kh1 Nf2+ 33. Kg1 Nd1+ 34. Kh1 Nxb2 35.
Rb1 Rf8 36. Raxb2 Qxa6 37. Qxh5 Qa7 38. Qe2 Ng6 39. Rb7 Qa5 40. R7b5 Qa8 41.
Qb2 Nf4 42. Rb8 Qa5 43. Rb5 Qa7 44. Rb8 Nxg2 45. Rxf8+ Kxf8 46. Rf1+ Nf4 47.
Qc2 Qa6 48. Rb1 Qd3 49. Qxd3 Nxd3 50. Rb8+ Ke7 51. Rb7 Nf2# 0-1

[Event "22. Torneo San Viator"]
[Site "Madrid ESP"]
[Date "2014.06.01"]
[Round "9.18"]
[White "Tsakas, Nikolaos"]
[Black "Villanueva Ortega, Ruben"]
[Result "0-1"]
[WhiteElo "1738"]
[BlackElo "1793"]
[PlyCount "62"]
[EventDate "2014.03.23"]
[EventType "swiss"]
[EventRounds "9"]
[EventCountry "ESP"]
[SourceTitle "Ajedrez en Madrid"]
[Source "lmi"]
[SourceDate "2014.03.23"]
[SourceVersion "1"]
[SourceVersionDate "2014.07.21"]
[SourceQuality "1"]

1. e4 c5 2. Nf3 d6 3. d4 cxd4 4. Nxd4 Nf6 5. Nc3 a6 6. Be2 g6 7. Be3 Bg7 8. f3
O-O 9. Qd2 Re8 10. O-O-O Nc6 11. g4 Nxd4 12. Bxd4 Bd7 13. g5 Nh5 14. Bxg7 Nxg7
15. h4 Nh5 16. Rhg1 Qa5 17. f4 Ng7 18. h5 Rec8 19. hxg6 hxg6 20. Rh1 Rxc3 21.
Qxc3 Qxa2 22. Bc4 Qa4 23. Rh6 Bg4 24. Rxg6 Qa1+ 25. Kd2 Qxd1+ 26. Ke3 Qf3+ 27.
Kd2 Qxf4+ 28. Kd3 Qf3+ 29. Kd2 Qxc3+ 30. Kxc3 Rc8 31. Kd4 Rxc4+ 0-1

[Event "22. Torneo San Viator"]
[Site "Madrid ESP"]
[Date "2014.06.01"]
[Round "9.21"]
[White "Barragan Panal, Juan Jose"]
[Black "Algaba Traspuesto, Jose Antoni"]
[Result "0-1"]
[WhiteElo "1630"]
[BlackElo "1747"]
[PlyCount "52"]
[EventDate "2014.03.23"]
[EventType "swiss"]
[EventRounds "9"]
[EventCountry "ESP"]
[SourceTitle "Ajedrez en Madrid"]
[Source "lmi"]
[SourceDate "2014.03.23"]
[SourceVersion "1"]
[SourceVersionDate "2014.07.21"]
[SourceQuality "1"]

1. Nf3 d5 2. d4 Nf6 3. Bf4 c5 4. e3 Qb6 5. Qc1 Nc6 6. c3 Bg4 7. dxc5 Qxc5 8.
Nbd2 Nh5 9. Qc2 e6 10. Be2 Rc8 11. Nb3 Qe7 12. Bg3 Nxg3 13. hxg3 Qd6 14. Nfd4
Bxe2 15. Nxe2 Be7 16. Qd2 b5 17. Qd3 b4 18. Rxh7 Rxh7 19. Qxh7 Bf6 20. Qd3 bxc3
21. Nxc3 Ke7 22. f4 Nb4 23. Qd2 Qa6 24. Kf2 Nd3+ 25. Kg1 Nxb2 26. Rc1 Nc4 0-1

[Event "22. Torneo San Viator"]
[Site "Madrid ESP"]
[Date "2014.06.01"]
[Round "9.22"]
[White "Ramos Pinto, Jose Maria"]
[Black "Petru, Marius Ioan"]
[Result "1-0"]
[WhiteElo "1599"]
[BlackElo "1742"]
[PlyCount "117"]
[EventDate "2014.03.23"]
[EventType "swiss"]
[EventRounds "9"]
[EventCountry "ESP"]
[SourceTitle "Ajedrez en Madrid"]
[Source "lmi"]
[SourceDate "2014.03.23"]
[SourceVersion "1"]
[SourceVersionDate "2014.07.21"]
[SourceQuality "1"]

1. d4 Nf6 2. c4 e6 3. Nf3 d5 4. e3 Be7 5. Nc3 O-O 6. Bd3 b6 7. O-O Ba6 8. Qe2
dxc4 9. Bxc4 Bb7 10. e4 Nc6 11. Rd1 Qc8 12. e5 Nd7 13. Bd3 Rd8 14. Ne4 Nf8 15.
Bb1 Ng6 16. a3 Qd7 17. Bc2 Qe8 18. Be3 a5 19. Bd3 Qd7 20. g3 h6 21. Rac1 Qc8
22. h4 Bf8 23. Qc2 Nge7 24. g4 Ba6 25. Bxa6 Rxa6 26. Nf6+ gxf6 27. exf6 Nxd4
28. Nxd4 Nd5 29. Qe2 c5 30. g5 Ra8 31. Qf3 Qd7 32. Ne2 Qc7 33. Kh1 Qe5 34. Rg1
Nxe3 35. fxe3 Qd5 36. e4 Qd3 37. Qg4 h5 38. Qg2 Kh8 39. g6 Bh6 40. Rc3 Qd7 41.
g7+ Kh7 42. Qf3 Qb7 43. Ng3 Rd2 44. Nxh5 Qc7 45. Ng3 Qf4 46. Qxf4 Bxf4 47. Rf3
Be5 48. Rb3 Rb8 49. Nf1 Rxb2 50. Rf3 b5 51. Rg5 Bd4 52. Rfg3 Kh6 53. g8=Q Rxg8
54. Rxg8 Bxf6 55. Ne3 Rb1+ 56. Kh2 Bd4 57. e5 b4 58. Ng4+ Kh7 59. Nf6+ 1-0

[Event "22. Torneo San Viator"]
[Site "Madrid ESP"]
[Date "2014.06.01"]
[Round "9.23"]
[White "Begona Ortiz, Isaac"]
[Black "Castro Uceda, Jose Antonio"]
[Result "1-0"]
[WhiteElo "1784"]
[BlackElo "1620"]
[PlyCount "115"]
[EventDate "2014.03.23"]
[EventType "swiss"]
[EventRounds "9"]
[EventCountry "ESP"]
[SourceTitle "Ajedrez en Madrid"]
[Source "lmi"]
[SourceDate "2014.03.23"]
[SourceVersion "1"]
[SourceVersionDate "2014.07.21"]
[SourceQuality "1"]

1. d4 d5 2. Bf4 e6 3. Nf3 Bd6 4. Bxd6 Qxd6 5. Nbd2 c5 6. c3 Nc6 7. Qc2 Nf6 8.
e4 dxe4 9. Nxe4 Nxe4 10. Qxe4 cxd4 11. Rd1 O-O 12. Nxd4 Rd8 13. Qc2 Qe5+ 14.
Ne2 Rd5 15. g3 Qd6 16. Bg2 Rxd1+ 17. Qxd1 Qxd1+ 18. Kxd1 Ne5 19. Kc2 Ng4 20.
Rd1 g6 21. Rd8+ Kg7 22. Nd4 a6 23. Nb3 e5 24. Kd2 f5 25. Bd5 Nxf2 26. Be6 Ne4+
27. Ke3 Bxe6 28. Rxa8 Bd5 29. Rd8 Nf6 30. h4 Be4 31. Nc5 Bd5 32. a3 a5 33. Nd7
Ng4+ 34. Kd2 f4 35. gxf4 exf4 36. Nc5 Nf6 37. b3 f3 38. Ke1 h6 39. c4 Bc6 40.
Rd4 g5 41. hxg5 hxg5 42. Nd3 g4 43. Ne5 Kh6 44. Nxg4+ Nxg4 45. Rxg4 Kh5 46. Rg7
Kh4 47. Kf2 Kh3 48. Rg5 a4 49. bxa4 Bxa4 50. Rg3+ Kh4 51. Rxf3 Kg4 52. Rf8 Bc6
53. Ke3 Bd7 54. Kd4 Bc6 55. Kc5 Kg5 56. Kb6 Kg6 57. c5 Kg7 58. Rb8 1-0

[Event "22. Torneo San Viator"]
[Site "Madrid ESP"]
[Date "2014.06.01"]
[Round "9.24"]
[White "Estebanez Cuesta, Alfredo"]
[Black "Linares Leyva, David"]
[Result "0-1"]
[WhiteElo "1578"]
[BlackElo "1838"]
[PlyCount "51"]
[EventDate "2014.03.23"]
[EventType "swiss"]
[EventRounds "9"]
[EventCountry "ESP"]
[SourceTitle "Ajedrez en Madrid"]
[Source "lmi"]
[SourceDate "2014.03.23"]
[SourceVersion "1"]
[SourceVersionDate "2014.07.21"]
[SourceQuality "1"]

1. d4 Nf6 2. c4 c5 3. d5 b5 4. e3 b4 5. Nf3 d6 6. Bd3 g6 7. b3 Bg7 8. Bb2 O-O
9. Nbd2 e5 10. dxe6 fxe6 11. O-O Bb7 12. Qc2 Nc6 13. Rad1 Qe7 14. Rfe1 Rae8 15.
Ne4 Ne5 16. Nxe5 Bxe4 17. Bxe4 dxe5 18. Bxe5 Ng4 19. Bd6 Qh4 20. Bg3 Qf6 21.
Rd7 Rd8 22. Rxd8 Qxd8 23. h3 Ne5 24. f4 Nf7 25. Bf2 Qf6 26. g4 0-1

[Event "22. Torneo San Viator"]
[Site "Madrid ESP"]
[Date "2014.06.01"]
[Round "9.25"]
[White "Alonso Ibanez, Jose"]
[Black "Lizon Martinez, Santiago"]
[Result "0-1"]
[WhiteElo "1572"]
[BlackElo "1804"]
[PlyCount "100"]
[EventDate "2014.03.23"]
[EventType "swiss"]
[EventRounds "9"]
[EventCountry "ESP"]
[SourceTitle "Ajedrez en Madrid"]
[Source "lmi"]
[SourceDate "2014.03.23"]
[SourceVersion "1"]
[SourceVersionDate "2014.07.21"]
[SourceQuality "1"]

1. e4 c5 2. Nf3 Nc6 3. d4 cxd4 4. Nxd4 d6 5. Bc4 Nf6 6. Nc3 g6 7. O-O Bg7 8.
Re1 Ng4 9. Nxc6 bxc6 10. Qd2 O-O 11. h3 Ne5 12. Qe2 Qb6 13. Bb3 Ba6 14. Qe3
Qxe3 15. Bxe3 Nc4 16. Bxc4 Bxc4 17. Nd1 Rfb8 18. Bc1 a5 19. c3 a4 20. f3 Rb7
21. f4 Ra5 22. g4 f5 23. Ne3 Bd3 24. exf5 gxf5 25. g5 e5 26. fxe5 dxe5 27. h4
f4 28. Ng4 Rf7 29. Bd2 f3 30. h5 Bf5 31. Nf2 Re7 32. Be3 e4 33. Rad1 Rd5 34.
Rxd5 cxd5 35. h6 Bh8 36. Nd1 Rd7 37. Bc5 d4 38. Bxd4 Bxd4+ 39. cxd4 Rxd4 40.
Ne3 Bg6 41. Rc1 Rd3 42. Rc8+ Kf7 43. Ng4 Rd7 44. Ne5+ Ke6 45. Nxd7 Kxd7 46. Ra8
e3 47. Rxa4 f2+ 48. Kf1 Bd3+ 49. Kg2 f1=Q+ 50. Kg3 Qf2+ 0-1

[Event "22. Torneo San Viator"]
[Site "Madrid ESP"]
[Date "2014.06.01"]
[Round "9.27"]
[White "Alonso Pardo, Daniel"]
[Black "San Felipe Gonzalez, Tomas"]
[Result "0-1"]
[WhiteElo "1552"]
[BlackElo "1701"]
[PlyCount "59"]
[EventDate "2014.03.23"]
[EventType "swiss"]
[EventRounds "9"]
[EventCountry "ESP"]
[SourceTitle "Ajedrez en Madrid"]
[Source "lmi"]
[SourceDate "2014.03.23"]
[SourceVersion "1"]
[SourceVersionDate "2014.07.21"]
[SourceQuality "1"]

1. d4 d5 2. Bf4 c5 3. e3 Nc6 4. a3 Qb6 5. b3 cxd4 6. exd4 Qxd4 7. Qxd4 Nxd4 8.
Bd3 Nf6 9. Be5 Nc6 10. Bg3 e5 11. f3 a6 12. Nc3 Be6 13. Nge2 Bc5 14. b4 Ba7 15.
b5 axb5 16. Nxb5 Bb8 17. O-O O-O 18. Bf2 e4 19. fxe4 dxe4 20. Bxe4 Nxe4 21. c3
Bc4 22. Nbd4 Nxd4 23. Nxd4 Bxf1 24. Kxf1 Nxc3 25. Nf5 Be5 26. Bd4 Bxd4 27. Nxd4
Ra4 28. Nb3 Rfa8 29. Rc1 Rc8 30. Nd4 0-1

[Event "22. Torneo San Viator"]
[Site "Madrid ESP"]
[Date "2014.06.01"]
[Round "9.29"]
[White "Sierra Bermejo, Gregorio"]
[Black "Brasa Olmos, Joaquin"]
[Result "1-0"]
[WhiteElo "1661"]
[BlackElo "1532"]
[PlyCount "95"]
[EventDate "2014.03.23"]
[EventType "swiss"]
[EventRounds "9"]
[EventCountry "ESP"]
[SourceTitle "Ajedrez en Madrid"]
[Source "lmi"]
[SourceDate "2014.03.23"]
[SourceVersion "1"]
[SourceVersionDate "2014.07.21"]
[SourceQuality "1"]

1. e4 c5 2. Nf3 d6 3. d4 cxd4 4. Nxd4 Nf6 5. Nc3 a6 6. g3 e5 7. Nde2 Be6 8. Bg2
Be7 9. O-O Nbd7 10. b3 Bg4 11. h3 Bxe2 12. Qxe2 Rc8 13. Nd5 Nxd5 14. exd5 O-O
15. c4 f5 16. Bb2 Nf6 17. Rae1 Nd7 18. Kh2 f4 19. gxf4 Rxf4 20. Bc1 Rf7 21. Rg1
Bh4 22. Ref1 Nf8 23. Be4 Qe7 24. Rg2 Bf6 25. Qg4 Rd8 26. Be3 g6 27. b4 Rg7 28.
c5 h5 29. Qe2 Qe8 30. Rfg1 Be7 31. Bh6 Rh7 32. Bxf8 Qxf8 33. Rxg6+ Kf7 34. cxd6
Bxd6 35. Qf3+ Ke7 36. Qxf8+ Rxf8 37. Re6+ Kd7 38. Bxh7 Rxf2+ 39. Rg2 e4+ 40.
Kg1 Rf3 41. Rg7+ Kd8 42. Rxd6+ Kc8 43. Kg2 Rf8 44. Rg8 Kc7 45. Rxf8 Kxd6 46.
Bg8 Ke5 47. Re8+ Kd4 48. d6 1-0

[Event "22. Torneo San Viator"]
[Site "Madrid ESP"]
[Date "2014.06.01"]
[Round "9.30"]
[White "San Felipe Asis, Raquel"]
[Black "Dominguez Afonso, Ayraldo"]
[Result "1-0"]
[WhiteElo "1654"]
[BlackElo "1523"]
[PlyCount "83"]
[EventDate "2014.03.23"]
[EventType "swiss"]
[EventRounds "9"]
[EventCountry "ESP"]
[SourceTitle "Ajedrez en Madrid"]
[Source "lmi"]
[SourceDate "2014.03.23"]
[SourceVersion "1"]
[SourceVersionDate "2014.07.21"]
[SourceQuality "1"]

1. e4 c5 2. Nf3 Nc6 3. d4 cxd4 4. Nxd4 e6 5. Nc3 Bb4 6. Qd3 a6 7. Bd2 Qc7 8.
Be2 Ne5 9. Qg3 g6 10. a3 Bd6 11. Qg5 h6 12. Qe3 Nc4 13. Bxc4 Qxc4 14. Qd3 Qc7
15. Be3 Nf6 16. Rd1 b5 17. Ndxb5 axb5 18. Nxb5 Qb8 19. Nxd6+ Kf8 20. Bc5 Kg7
21. e5 Nd5 22. Qf3 Rf8 23. c4 Nc7 24. Qf6+ Kh7 25. Nxf7 Rg8 26. Qe7 Rg7 27. Qf8
Ba6 28. Qxb8 Rxb8 29. Rxd7 Rxb2 30. O-O Rb7 31. Bf8 Na8 32. Rxb7 Bxb7 33. Bxg7
Kxg7 34. Nd6 Ba6 35. Rb1 Nc7 36. Rb6 Kf8 37. c5 Ke7 38. a4 Bd3 39. Rb7 Kd8 40.
Nb5 Nd5 41. c6 Kc8 42. Nd6+ 1-0

[Event "22. Torneo San Viator"]
[Site "Madrid ESP"]
[Date "2014.06.01"]
[Round "9.31"]
[White "Del Noval Perez, Jeronimo"]
[Black "Yaniz Lana, Francisco Javier"]
[Result "1/2-1/2"]
[WhiteElo "1413"]
[BlackElo "1637"]
[PlyCount "45"]
[EventDate "2014.03.23"]
[EventType "swiss"]
[EventRounds "9"]
[EventCountry "ESP"]
[SourceTitle "Ajedrez en Madrid"]
[Source "lmi"]
[SourceDate "2014.03.23"]
[SourceVersion "1"]
[SourceVersionDate "2014.07.21"]
[SourceQuality "1"]

1. e4 c5 2. Nf3 d6 3. d4 Nf6 4. Nc3 cxd4 5. Nxd4 g6 6. Be3 Bg7 7. f3 O-O 8. Qd2
Nc6 9. O-O-O d5 10. Nxd5 Nxd5 11. Nxc6 bxc6 12. exd5 cxd5 13. Qxd5 Qc7 14. Qc5
Qb7 15. b3 Bf5 16. Bd3 Rac8 17. Qa5 Bxd3 18. Rxd3 Qc6 19. c4 e5 20. Rhd1 Qf6
21. Rd7 e4 22. Bd4 Bh6+ 23. Kc2 1/2-1/2

[Event "22. Torneo San Viator"]
[Site "Madrid ESP"]
[Date "2014.06.01"]
[Round "9.32"]
[White "Santos Burkholz, Mario"]
[Black "Perez Gonzalez, Manuel"]
[Result "1/2-1/2"]
[WhiteElo "1424"]
[BlackElo "1625"]
[PlyCount "41"]
[EventDate "2014.03.23"]
[EventType "swiss"]
[EventRounds "9"]
[EventCountry "ESP"]
[SourceTitle "Ajedrez en Madrid"]
[Source "lmi"]
[SourceDate "2014.03.23"]
[SourceVersion "1"]
[SourceVersionDate "2014.07.21"]
[SourceQuality "1"]

1. e4 d6 2. d4 Nf6 3. Nc3 g6 4. Nf3 Bg7 5. Bc4 O-O 6. O-O c6 7. e5 dxe5 8. dxe5
Qxd1 9. Rxd1 Ng4 10. Bf4 e6 11. Rd2 Nd7 12. Re1 b5 13. Bb3 Nb6 14. h3 Nh6 15.
Be3 Nf5 16. Bxb6 axb6 17. g4 Ne7 18. Ne4 Nd5 19. c4 bxc4 20. Bxc4 Bb7 21. Nd6
1/2-1/2

[Event "22. Torneo San Viator"]
[Site "Madrid ESP"]
[Date "2014.06.01"]
[Round "9.33"]
[White "Charles Soria, Alberto"]
[Black "Enriquez Pastor, Jorge"]
[Result "1/2-1/2"]
[WhiteElo "1646"]
[BlackElo "1401"]
[PlyCount "33"]
[EventDate "2014.03.23"]
[EventType "swiss"]
[EventRounds "9"]
[EventCountry "ESP"]
[SourceTitle "Ajedrez en Madrid"]
[Source "lmi"]
[SourceDate "2014.03.23"]
[SourceVersion "1"]
[SourceVersionDate "2014.07.21"]
[SourceQuality "1"]

1. e4 c6 2. d4 d5 3. Nc3 dxe4 4. Nxe4 Bf5 5. Ng3 Bg6 6. Nf3 e6 7. Bd3 Bxd3 8.
Qxd3 Nf6 9. O-O Bd6 10. c4 Bxg3 11. fxg3 O-O 12. Bg5 h6 13. Bxf6 Qxf6 14. Ne5
Qe7 15. Qf3 Nd7 16. Nxd7 Qxd7 17. Rad1 1/2-1/2

[Event "22. Torneo San Viator"]
[Site "Madrid ESP"]
[Date "2014.06.01"]
[Round "9.34"]
[White "Ojosnegros Martin, Angel"]
[Black "Andres Rodriguez, Florencio"]
[Result "1-0"]
[WhiteElo "1514"]
[BlackElo "1588"]
[PlyCount "63"]
[EventDate "2014.03.23"]
[EventType "swiss"]
[EventRounds "9"]
[EventCountry "ESP"]
[SourceTitle "Ajedrez en Madrid"]
[Source "lmi"]
[SourceDate "2014.03.23"]
[SourceVersion "1"]
[SourceVersionDate "2014.07.21"]
[SourceQuality "1"]

1. e4 c5 2. Nf3 d6 3. d4 cxd4 4. Nxd4 Nf6 5. Nc3 a6 6. g3 e5 7. Nde2 Be7 8. Bg2
Nc6 9. h3 Be6 10. g4 b5 11. a3 Qb6 12. Be3 Qb7 13. O-O Rd8 14. Ng3 Na5 15. Nf5
Bxf5 16. exf5 Qb8 17. Bg5 Nc4 18. Bxf6 gxf6 19. Qc1 Nb6 20. Qh6 d5 21. Rad1 e4
22. Rfe1 Qe5 23. Re2 Bc5 24. Rde1 Bf8 25. Qh5 Qf4 26. Nxe4 dxe4 27. Rxe4+ Qxe4
28. Bxe4 Be7 29. Bc6+ Nd7 30. Qh4 Kf8 31. Qh6+ Ke8 32. Qxf6 1-0